9 Fictional American Characters Quiz Stats

 Plays Quiz Updated Mar 9, 2018

Challenge
Share
Tweet
Score 0/9 Timer 01:00
16 Plays Today
% Correct
Tom Sawyer
93.1%
Jay Gatsby
92.1%
Pennywise
91.4%
Ichabod Crane
88.4%
Hester Prynne
84.5%
Holden Caulfield
81.9%
Patrick Bateman
76.7%
Leslie Burke
74.6%
John Carter
70.2%

You're not logged in!

Compare scores with friends on all Sporcle quizzes.
OR
Log In

You Might Also Like...

Show Comments

Extras

Top Quizzes Today


Score Distribution

Your Account Isn't Verified!

In order to create a playlist on Sporcle, you need to verify the email address you used during registration. Go to your Sporcle Settings to finish the process.

Report this User

Report this user for behavior that violates our Community Guidelines.

Details: